Relatos del interoceánico 3 (Record no. 1909)

MARC details
000 -CABECERA
campo de control de longitud fija 00658nam a2200181 a 4500
001 - NÚMERO DE CONTROL
campo de control BRCA_2152
005 - FECHA Y HORA DE LA ÚLTIMA TRANSACCIÓN
campo de control 20190320203705.0
008 - DATOS DE LONGITUD FIJA--INFORMACIÓN GENERAL
campo de control de longitud fija 130808s1992----mx-#---###---#000-0#spa-#
050 #4 - SIGNATURA TOPOGRÁFICA DE LA BIBLIOTECA DEL CONGRESO
Número de clasificación F1391.P8
Número de documento/Ítem .L43 98
-- 1992
100 1# - ENTRADA PRINCIPAL--NOMBRE DE PERSONA
Nombre de persona Campos Ríos, Guillermo
9 (RLIN) 6492
245 10 - MENCIÓN DE TÍTULO
Título Relatos del interoceánico 3
Mención de responsabilidad, etc. Guillermo Campos Ríos.
260 ## - PUBLICACIÓN, DISTRIBUCIÓN, ETC.
Lugar de publicación, distribución, etc. Puebla, México
Nombre del editor, distribuidor, etc. Gobierno del Estado de Puebla : Secretaría de Cultura : Comisión Puebla V Centenario
Fecha de publicación, distribución, etc. 1992
300 ## - DESCRIPCIÓN FÍSICA
Extensión 35 p.
Dimensiones 21 cm.
440 #0 - MENCIÓN DE SERIE/PUNTO DE ACCESO ADICIONAL--TÍTULO
Título Lecturas Históricas de Puebla
Número de parte o sección de la obra 98
9 (RLIN) 6493
651 #4 - PUNTO DE ACCESO ADICIONAL DE MATERIA--NOMBRE GEOGRÁFICO
Nombre geográfico Puebla (México)
Subdivisión general Historia
9 (RLIN) 409
651 #4 - PUNTO DE ACCESO ADICIONAL DE MATERIA--NOMBRE GEOGRÁFICO
Nombre geográfico Puebla (México)
Subdivisión general Descripción y viajes
9 (RLIN) 407
942 ## - ELEMENTOS DE PUNTO DE ACCESO ADICIONAL (KOHA)
Fuente del sistema de clasificación o colocación Library of Congress Classification
Tipo de ítem Koha Libros
Holdings
Estado de retiro Estado de pérdida Estado dañado No para préstamo Localización permanente Ubicación/localización actual Fecha de adquisición Total de préstamos Signatura topográfica completa Código de barras Fecha visto por última vez Precio válido a partir de Tipo de ítem Koha
El ejemplar forma parte de la colección y puede ser consultado según las políticas vigentes.       Biblioteca del Museo Franz Mayer (Rogerio Casas-Alatriste) Biblioteca del Museo Franz Mayer (Rogerio Casas-Alatriste) 12/08/2008   F1391.P8 .L43 98 1992 00552 22/03/2019 22/03/2019 Libros